[Event "10th European Individual Championship"]
[Site "Budva MNE"]
[Date "2009.03.11"]
[EventDate "2009.03.06"]
[Round "6"]
[Result "1-0"]
[White "Ian Nepomniachtchi"]
[Black "Kiprian Berbatov"]
[WhiteElo "2628"]
[BlackElo "2392"]
[PlyCount "63"]

1. e4 c5 2. Nf3 d6 3. d4 cxd4 4. Nxd4 Nf6 5. Nc3 a6 6. Be3 e6
7. g4 e5 8. Nf5 g6 9. Bg2 gxf5 10. exf5 Nc6 11. g5 Ng8 12. f6
Be6 13. Nd5 Bxd5 14. Bxd5 Nxf6 15. gxf6 Qxf6 16. Qh5 Rc8
17. c3 Qg6 18. Qf3 f5 19. O-O-O Qg4 20. Qxg4 fxg4 21. Be6 Rc7
22. Bxg4 h5 23. Bf3 Rg7 24. Rhg1 Rxg1 25. Rxg1 h4 26. Kd2 Kd7
27. Rg6 Ne7 28. Rf6 b5 29. h3 Rg8 30. Bg4+ Kc6 31. Rf7 e4
32. Be6 1-0

[Event "10th European Individual Championship"]
[Site "Budva MNE"]
[Date "2009.03.12"]
[EventDate "2009.03.06"]
[Round "7"]
[Result "0-1"]
[White "Aleksandar Savanovic"]
[Black "Ian Nepomniachtchi"]
[WhiteElo "2428"]
[BlackElo "2628"]
[PlyCount "30"]

1. e4 c5 2. Nf3 d6 3. d4 cxd4 4. Nxd4 Nf6 5. Nc3 a6 6. Bg5 e6
7. f4 Qb6 8. Qd2 Qxb2 9. Rb1 Qa3 10. f5 b5 11. Rb3 Qa5
12. Bxf6 gxf6 13. Be2 b4 14. Bh5 bxc3 15. Rxc3 Ke7 0-1

[Event "10th European Individual Championship"]
[Site "Budva MNE"]
[Date "2009.03.15"]
[EventDate "2009.03.06"]
[Round "9"]
[Result "1/2-1/2"]
[White "Ildar Khairullin"]
[Black "Ian Nepomniachtchi"]
[WhiteElo "2574"]
[BlackElo "2628"]
[PlyCount "38"]

1. c4 e5 2. Nc3 Nf6 3. Nf3 Nc6 4. a3 d5 5. cxd5 Nxd5 6. Qc2
Nde7 7. e3 g6 8. b4 Bg7 9. Bb2 a6 10. Bc4 O-O 11. h3 Nf5
12. O-O Nd6 13. Bd5 Ne7 14. Bb3 Nc6 15. d3 Kh8 16. Bd5 Ne7
17. Bb3 Nc6 18. Bd5 Ne7 19. Bb3 Nc6 1/2-1/2

[Event "10th European Individual Championship"]
[Site "Budva MNE"]
[Date "2009.03.17"]
[EventDate "2009.03.06"]
[Round "11"]
[Result "1-0"]
[White "Friso Nijboer"]
[Black "Ian Nepomniachtchi"]
[WhiteElo "2560"]
[BlackElo "2628"]
[PlyCount "79"]

1. e4 c5 2. Nf3 d6 3. d4 cxd4 4. Nxd4 Nf6 5. Nc3 a6 6. Be3 e5
7. Nb3 Be7 8. f3 Be6 9. Qd2 O-O 10. O-O-O Nbd7 11. g4 b5
12. g5 b4 13. Ne2 Ne8 14. f4 a5 15. f5 Bxb3 16. cxb3 a4
17. bxa4 Rxa4 18. Kb1 Rxa2 19. Nc1 Ra8 20. Nb3 Qb8 21. Bc4 Bd8
22. Bd5 Bb6 23. Bxb6 Nxb6 24. Bxa8 Nxa8 25. h4 Qb5 26. Qd5 Qa4
27. Rd3 Nac7 28. Qa5 Qc6 29. Re3 Nb5 30. Rc1 Qb7 31. Qxb4 Qa7
32. Rd3 Nec7 33. Rxd6 Nxd6 34. Qxd6 Qe3 35. Nc5 Nb5 36. Qxe5
Nd4 37. Qd5 Qd2 38. g6 Rb8 39. gxf7+ Kh8 40. Qb7 1-0

[Event "Ch Russia U20"]
[Site "Dagomys (Russia)"]
[Date "2009.05.07"]
[EventDate "?"]
[Round "8"]
[Result "0-1"]
[White "Daniil Lintchevski"]
[Black "Ian Nepomniachtchi"]
[WhiteElo "2485"]
[BlackElo "2624"]
[PlyCount "79"]

1.e4 c5 2.Nf3 d6 3.d4 cxd4 4.Nxd4 Nf6 5.Nc3 a6 6.h3 e5 7.Nde2
h5 8.g3 Nbd7 9.Bg2 b5 10.O-O Bb7 11.a4 b4 12.Nd5 Nxd5 13.exd5
a5 14.c3 bxc3 15.Nxc3 Ba6 16.Re1 Be7 17.Nb5 h4 18.Be3 O-O
19.Bf1 hxg3 20.fxg3 Bg5 21.Bf2 Bxb5 22.axb5 f5 23.h4 Bh6
24.Bh3 e4 25.Bd4 Ne5 26.Ra3 Rb8 27.Rf1 g6 28.h5 Rxb5 29.hxg6
Qg5 30.Bxe5 dxe5 31.Qa4 Rb6 32.Qd7 Rxg6 33.Bxf5 e3 34.Rf3 e2
35.Ra1 Qd2 36.Bxg6 Be3+ 37.Kh2 e1=N+ 38.Kh3 Qg2+ 39.Kh4 Nxf3+
40.Kh5 0-1

[Event "Russia vs China (Blitz)"]
[Site "Sochi RUS"]
[Date "2009.08.23"]
[EventDate "2009.08.23"]
[Round "3"]
[Result "1/2-1/2"]
[White "Zhou Jianchao"]
[Black "Ian Nepomniachtchi"]
[WhiteElo "2623"]
[BlackElo "2632"]
[PlyCount "95"]

1. Nf3 d5 2. d4 c6 3. c4 e6 4. e3 Bd6 5. Bd3 f5 6. O-O Nf6
7. b3 Qe7 8. Bb2 O-O 9. Ne5 b6 10. f4 g6 11. Nd2 Bb7 12. Qe2
c5 13. dxc5 bxc5 14. Ndf3 Nbd7 15. Nxd7 Nxd7 16. Rad1 Rae8
17. Ne5 Nxe5 18. Bxe5 Bxe5 19. fxe5 Qg7 20. Qb2 Qh6 21. Qf2
Rd8 22. Be2 Qg7 23. Qg3 Ba8 24. h4 h6 25. Rd2 g5 26. hxg5 hxg5
27. cxd5 Rxd5 28. Rxd5 Bxd5 29. Bf3 Bxf3 30. gxf3 Rd8 31. Rf2
Rd5 32. Rg2 Rd1+ 33. Kf2 Kf7 34. Qh2 Rd2+ 35. Kf1 Rd5 36. Qh5+
Qg6 37. Qxg5 Rd1+ 38. Ke2 Qxg5 39. Rxg5 Ra1 40. Kd3 Rxa2
41. Rh5 Kg6 42. Rh8 a5 43. Rc8 Rb2 44. Kc3 Re2 45. Kd3 Rb2
46. Kc4 Rc2+ 47. Kd3 Rb2 48. Kc3 1/2-1/2

[Event "Russia vs China (Blitz)"]
[Site "Sochi RUS"]
[Date "2009.08.23"]
[EventDate "2009.08.23"]
[Round "10"]
[Result "1-0"]
[White "Wang Yue"]
[Black "Ian Nepomniachtchi"]
[WhiteElo "2736"]
[BlackElo "2632"]
[PlyCount "71"]

1. d4 Nf6 2. c4 c5 3. d5 b5 4. cxb5 a6 5. e3 axb5 6. Bxb5 Bb7
7. Nc3 e6 8. e4 Qa5 9. Nge2 Nxe4 10. O-O Nd6 11. a4 Nxb5
12. Nxb5 Bxd5 13. Bf4 Na6 14. Nec3 Bc6 15. Nd6+ Bxd6 16. Bxd6
Qb4 17. Qh5 Qxb2 18. Rfc1 Qd2 19. Bxc5 Qd3 20. Nb5 Bxb5
21. axb5 Qxb5 22. Qg5 d6 23. Qxg7 Ke7 24. Rab1 Rhg8 25. Qxg8
Rxg8 26. Bxd6+ Kxd6 27. Rxb5 Nc7 28. Rb6+ Kd7 29. Rb7 Rc8
30. g4 Kd6 31. Kg2 f6 32. Kg3 h5 33. Rbxc7 h4+ 34. Kxh4 Rxc7
35. Rxc7 Kxc7 36. Kh5 1-0

[Event "62nd Russian Championship Higher League"]
[Site "Ulan Ude RUS"]
[Date "2009.09.02"]
[EventDate "2009.09.02"]
[Round "1"]
[Result "1/2-1/2"]
[White "Pavel Anisimov"]
[Black "Ian Nepomniachtchi"]
[WhiteElo "2518"]
[BlackElo "2632"]
[PlyCount "50"]

1. e4 c5 2. Nf3 d6 3. d4 cxd4 4. Nxd4 Nf6 5. Nc3 a6 6. Be3 e5
7. Nde2 Be6 8. f4 Qc7 9. f5 Bc4 10. Nc1 d5 11. Nxd5 Bxd5
12. exd5 Bc5 13. Bxc5 Qxc5 14. Nb3 Qb4+ 15. Qd2 Qh4+ 16. Qf2
Qe4+ 17. Be2 Qxd5 18. Rd1 Qc6 19. Na5 Qc7 20. Nc4 Nc6 21. Qc5
Ne4 22. Qe3 Nf6 23. Qc5 Ne4 24. Qe3 Nf6 25. Qc5 Ne4 1/2-1/2

[Event "62nd Russian Championship Higher League"]
[Site "Ulan Ude RUS"]
[Date "2009.09.04"]
[EventDate "2009.09.02"]
[Round "3"]
[Result "0-1"]
[White "Alexander Zabotin"]
[Black "Ian Nepomniachtchi"]
[WhiteElo "2512"]
[BlackElo "2632"]
[PlyCount "124"]

1. d4 Nf6 2. c4 g6 3. Nf3 Bg7 4. g3 O-O 5. Bg2 d5 6. cxd5 Nxd5
7. O-O c5 8. e4 Nf6 9. e5 Nfd7 10. Ng5 cxd4 11. e6 Ne5 12. f4
f6 13. fxe5 fxg5 14. Rxf8+ Qxf8 15. Nd2 Nc6 16. Nf3 Bxe6
17. Nxg5 Qc8 18. Bf4 h6 19. Nxe6 Qxe6 20. Bxc6 bxc6 21. Qxd4
g5 22. Be3 Bxe5 23. Qe4 Qd5 24. Qg6+ Bg7 25. Rc1 Qxa2 26. Bd4
Qf7 27. Qxg7+ Qxg7 28. Bxg7 Kxg7 29. Rxc6 a5 30. Re6 Ra7
31. b3 Rb7 32. Re5 Kf6 33. Rxa5 Rxb3 34. g4 Rb2 35. Rf5+ Ke6
36. Ra5 Kf7 37. Rf5+ Ke8 38. Ra5 Rd2 39. Ra6 Rd6 40. Ra5 Kf7
41. Kg2 Rd4 42. h3 Rd2+ 43. Kg3 Rd3+ 44. Kg2 Ke6 45. Ra6+ Rd6
46. Ra5 Kf7 47. Rf5+ Rf6 48. Ra5 Rc6 49. Rf5+ Ke6 50. h4 Rc2+
51. Kf3 Rc3+ 52. Kf2 gxh4 53. Rh5 h3 54. Rxh6+ Ke5 55. Rh7 e6
56. Rh6 Kf4 57. Rxe6 Rc1 58. Rh6 Rc2+ 59. Kf1 Kg3 60. g5 Rf2+
61. Ke1 Rf4 62. g6 Rg4 0-1

[Event "62nd Russian Championship Higher League"]
[Site "Ulan Ude RUS"]
[Date "2009.09.05"]
[EventDate "2009.09.02"]
[Round "4"]
[Result "0-1"]
[White "Ian Nepomniachtchi"]
[Black "Alexander Lastin"]
[WhiteElo "2632"]
[BlackElo "2648"]
[PlyCount "86"]

1. e4 c6 2. d4 d5 3. exd5 cxd5 4. c4 Nf6 5. Nc3 e6 6. Nf3 Bb4
7. cxd5 Nxd5 8. Qc2 Nc6 9. a3 Be7 10. Bd3 Bf6 11. Be3 h6
12. Ne4 Qa5+ 13. Ke2 O-O 14. Rac1 Bd7 15. Nc5 Qc7 16. Qd2 Rfd8
17. Bb1 Be8 18. Qd3 Nf4+ 19. Bxf4 Qxf4 20. Qh7+ Kf8 21. Nd3
Nxd4+ 22. Nxd4 Qxd4 23. Rc7 Rd7 24. Rhc1 Rad8 25. Kf1 Qd6
26. Rxd7 Bxd7 27. Kg1 Bb5 28. Rd1 Bxb2 29. h3 Bf6 30. Nb2 Qc7
31. Rxd8+ Qxd8 32. Bd3 Bc6 33. Nc4 Qd4 34. Bf1 Qc5 35. Qh8+
Ke7 36. Qc8 Bd4 37. Qc7+ Bd7 38. Qxb7 Bxf2+ 39. Kh1 Bg3
40. Qb2 f6 41. Nd2 Bc6 42. Nf3 Qf2 43. Qb4+ Bd6 0-1

[Event "62nd Russian Championship Higher League"]
[Site "Ulan Ude RUS"]
[Date "2009.09.06"]
[EventDate "2009.09.02"]
[Round "5"]
[Result "1/2-1/2"]
[White "Pavel Maletin"]
[Black "Ian Nepomniachtchi"]
[WhiteElo "2576"]
[BlackElo "2632"]
[PlyCount "150"]

1. Nf3 d5 2. d4 Nf6 3. c4 c6 4. Nc3 e6 5. Bg5 h6 6. Bxf6 Qxf6
7. e3 Nd7 8. Bd3 dxc4 9. Bxc4 g6 10. O-O Bg7 11. e4 O-O 12. e5
Qe7 13. Qe2 b6 14. Rfe1 Rb8 15. Ba6 c5 16. Bxc8 Rbxc8 17. d5
exd5 18. Nxd5 Qe6 19. Nf4 Qf5 20. e6 Nf6 21. exf7+ Rxf7
22. Ne6 Re8 23. Nh4 Qg4 24. Qxg4 Nxg4 25. Nxg7 Rxe1+ 26. Rxe1
Kxg7 27. Re6 g5 28. Nf3 Rd7 29. g3 Rd1+ 30. Kg2 Rb1 31. Re2
Nf6 32. h4 Kg6 33. hxg5 hxg5 34. Ne5+ Kf5 35. Nc6 Nd7 36. Ne7+
Kf6 37. Nd5+ Kf5 38. Ne7+ Kf6 39. Nd5+ Kf5 40. f3 Nf8 41. a3
Kg6 42. Kh3 Rd1 43. Re5 Rd4 44. g4 Kh6 45. Ne7 Rd2 46. Nf5+
Kg6 47. Ng3 Rf2 48. Ne4 Rxf3+ 49. Kg2 Rb3 50. Rxg5+ Kf7
51. Rf5+ Kg7 52. Rf2 Ng6 53. Nd6 Nh4+ 54. Kf1 Nf3 55. Nc8 Kg6
56. Nxa7 Kg5 57. Nb5 Rxb5 58. Rxf3 Rxb2 59. a4 Kxg4 60. Rf6
Kg5 61. Rc6 Kf4 62. a5 Ke3 63. axb6 Kd4 64. Ke1 c4 65. Kd1 Kc3
66. Kc1 Rh2 67. Rd6 Rc2+ 68. Kb1 Rb2+ 69. Kc1 Rb5 70. Rh6 Kb3
71. Rh3+ c3 72. b7 Rxb7 73. Rh8 Rb6 74. Rg8 Rf6 75. Rb8+ Kc4
1/2-1/2

[Event "62nd Russian Championship Higher League"]
[Site "Ulan Ude RUS"]
[Date "2009.09.10"]
[EventDate "2009.09.02"]
[Round "8"]
[Result "0-1"]
[White "Ian Nepomniachtchi"]
[Black "Vadim Zvjaginsev"]
[WhiteElo "2632"]
[BlackElo "2635"]
[PlyCount "96"]

1. e4 c5 2. Nf3 d6 3. d4 cxd4 4. Nxd4 Nf6 5. Nc3 Bd7 6. Bc4 e6
7. Qe2 Be7 8. Be3 a6 9. Bb3 b5 10. f3 O-O 11. g4 b4 12. Nd1
Nc6 13. Nf2 Nxd4 14. Bxd4 Bb5 15. Qd2 a5 16. c3 bxc3 17. Bxc3
Nd7 18. a4 Ba6 19. Bd1 Bf6 20. Bxa5 Qe7 21. Rc1 Ne5 22. g5
Bxg5 23. f4 Bh6 24. Qe3 Ng6 25. Rc7 Nxf4 26. Qg3 Qg5 27. Qxg5
Bxg5 28. Rg1 Bh4 29. Rg3 Rfc8 30. Rxc8+ Rxc8 31. Kd2 Bxg3
32. hxg3 Ng6 33. Ng4 Bb7 34. Bc2 h5 35. Ne3 Ne5 36. Bc3 g5
37. Ke2 Kf8 38. Kf2 Ke7 39. a5 Ba6 40. Bd1 h4 41. gxh4 gxh4
42. Ng4 Nxg4+ 43. Bxg4 Rg8 44. Bh3 e5 45. Bd2 Bc8 46. Bg5+ f6
47. Bxc8 Rxc8 48. Bxh4 Rc2+ 0-1

[Event "62nd Russian Championship Higher League"]
[Site "Ulan Ude RUS"]
[Date "2009.09.11"]
[EventDate "2009.09.02"]
[Round "9"]
[Result "1/2-1/2"]
[White "Dmitry Frolyanov"]
[Black "Ian Nepomniachtchi"]
[WhiteElo "2557"]
[BlackElo "2632"]
[PlyCount "272"]

1. e4 c5 2. Nf3 d6 3. d4 cxd4 4. Nxd4 Nf6 5. Nc3 a6 6. Be3 e5
7. Nf3 h6 8. Bc4 Be6 9. Bb3 Nbd7 10. O-O Rc8 11. Nh4 Bxb3
12. cxb3 Rc6 13. Nf5 g6 14. Ng3 h5 15. h3 Bg7 16. Re1 O-O
17. b4 Qe8 18. Qd3 Qe6 19. b5 axb5 20. Qxb5 Nc5 21. Bxc5 dxc5
22. Qxb7 Rb6 23. Qa7 Rxb2 24. Qxc5 Rc8 25. Qe3 Bf8 26. Re2 Bc5
27. Qf3 Bd4 28. Rc1 Rxc3 29. Rxc3 Rb1+ 30. Nf1 Bxc3 31. Qxc3
Qa6 32. Qe3 Ra1 33. Re1 Rxa2 34. Qc5 Ra5 35. Qb4 Qa7 36. Rd1
Kg7 37. Rd8 Qc5 38. Qxc5 Rxc5 39. f3 h4 40. Ne3 Nh5 41. Kf2
Ra5 42. Rd2 Kh6 43. Nc4 Rc5 44. Ne3 f6 45. Rc2 Rb5 46. Nd5 Kg5
47. Nc7 Rb6 48. Nd5 Ra6 49. Nc7 Rb6 50. Nd5 Rb3 51. Rc6 Rb2+
52. Kg1 Rd2 53. Re6 Rb2 54. Rc6 Ra2 55. Rb6 Rd2 56. Re6 Ng3
57. Nxf6 Ne2+ 58. Kf1 Nf4 59. Nh7+ Kh6 60. Re7 Rd6 61. Kg1 Ra6
62. Kh2 Rb6 63. Nf8 Rb2 64. Nd7 Rxg2+ 65. Kh1 Ra2 66. Nxe5 Kg5
67. Rf7 Nxh3 68. Nd3 Rd2 69. Nc5 Nf2+ 70. Kg1 h3 71. Rd7 Ra2
72. Kh2 Kf4 73. Rf7+ Ke3 74. Ne6 Ra1 75. Nf4 Rh1+ 76. Kg3 g5
77. Nxh3 Rxh3+ 78. Kg2 Rh8 79. Rf5 Rg8 80. Kg3 g4 81. fxg4
Rxg4+ 82. Kh2 Rg8 83. Ra5 Kf3 84. Ra3+ Kf4 85. e5 Ng4+ 86. Kh3
Rh8+ 87. Kg2 Rh2+ 88. Kg1 Re2 89. Kf1 Rxe5 90. Ra8 Kf3
91. Rf8+ Kg3 92. Rg8 Re7 93. Rg5 Kf3 94. Rf5+ Kg3 95. Rg5 Re6
96. Rg8 Kf3 97. Rf8+ Nf6 98. Rf7 Ke3 99. Ra7 Nd5 100. Ra3+ Ke4
101. Kf2 Rf6+ 102. Kg3 Rg6+ 103. Kf2 Rg8 104. Ra4+ Ke5
105. Ra5 Rb8 106. Kg3 Rb4 107. Kf3 Rd4 108. Ra8 Rd3+ 109. Kf2
Nf6 110. Ke2 Rd4 111. Kf3 Rb4 112. Ra5+ Nd5 113. Ra8 Rb3+
114. Kf2 Nf6 115. Ke2 Rh3 116. Ra5+ Kf4 117. Ra8 Re3+ 118. Kd2
Ne4+ 119. Kc2 Kf3 120. Rf8+ Ke2 121. Re8 Rc3+ 122. Kb2 Rc4
123. Kb3 Rd4 124. Kc2 Ke3 125. Re7 Rc4+ 126. Kb3 Rc6 127. Re8
Kd3 128. Rd8+ Nd6 129. Kb4 Kd4 130. Kb3 Kd3 131. Kb4 Rc4+
132. Kb3 Rd4 133. Rh8 Nf5 134. Rh3+ Ne3 135. Rg3 Rg4 136. Rxg4
Nxg4 1/2-1/2

[Event "62nd Russian Championship Higher League"]
[Site "Ulan Ude RUS"]
[Date "2009.09.13"]
[EventDate "2009.09.02"]
[Round "11"]
[Result "1/2-1/2"]
[White "Evgeny Romanov"]
[Black "Ian Nepomniachtchi"]
[WhiteElo "2588"]
[BlackElo "2632"]
[PlyCount "88"]

1. Nf3 d5 2. d4 c6 3. Bf4 Bf5 4. e3 e6 5. c4 Qb6 6. Qb3 Na6
7. c5 Qxb3 8. axb3 Nb4 9. Kd2 Bxb1 10. Rxb1 b6 11. cxb6 axb6
12. Ne5 Nf6 13. f3 Nd7 14. Nd3 Nxd3 15. Bxd3 Bb4+ 16. Kc2 Ke7
17. Ra1 h6 18. Ra4 Bd6 19. Bxd6+ Kxd6 20. Rha1 Rab8 21. Ra7
Rhc8 22. b4 Rc7 23. Rxc7 Kxc7 24. Ra7+ Rb7 25. Ra8 Rb8
26. Ra7+ Kd6 27. h4 Rc8 28. g4 g6 29. f4 Rf8 30. g5 hxg5
31. hxg5 Rh8 32. Ra6 Rc8 33. Ra7 Rc7 34. Ra6 Ke7 35. Kd2 Rb7
36. Kc3 Kd6 37. b3 b5 38. Ra8 Nb6 39. Rd8+ Rd7 40. Rh8 Kc7
41. Rh7 Nc8 42. Kb2 Nd6 43. Bc2 Kd8 44. Bd3 Re7 1/2-1/2

[Event "World Blitz Championship"]
[Site "Moscow RUS"]
[Date "2010.11.16"]
[EventDate "2010.11.16"]
[Round "8.5"]
[Result "0-1"]
[White "Ian Nepomniachtchi"]
[Black "Pavel Eljanov"]
[WhiteElo "2720"]
[BlackElo "2742"]
[PlyCount "120"]

1. e4 e5 2. Nf3 Nc6 3. Bb5 Nf6 4. d3 Bc5 5. Bxc6 dxc6 6. Be3
Bd6 7. h3 O-O 8. Nbd2 Nd7 9. Nc4 Re8 10. O-O Nf8 11. c3 c5
12. Nxd6 Qxd6 13. Qc2 b6 14. Rad1 Bb7 15. Rfe1 Ng6 16. Nh2
Rad8 17. Nf1 Qf6 18. Qc1 h6 19. Nh2 Ba6 20. c4 Bc8 21. a3 a5
22. Qd2 a4 23. Rf1 Rd6 24. Kh1 Red8 25. Qc2 Bd7 26. f3 Bc6
27. Rd2 R8d7 28. g3 Qd8 29. Rfd1 Nf8 30. Qc3 f6 31. Kg2 Ne6
32. h4 h5 33. Nf1 Qf8 34. Bf2 Nd4 35. Ne3 f5 36. Nd5 Rg6
37. Bxd4 exd4 38. Qc1 f4 39. Rf2 Bxd5 40. cxd5 Rxg3+ 41. Kf1
Qf6 42. Qc4 Kh7 43. Qxa4 Re7 44. Qa6 Qxh4 45. Qc8 Qh3+
46. Qxh3 Rxh3 47. Ke2 g5 48. Rg1 Rg3 49. Rh1 Kg6 50. Rfh2 Rh7
51. b4 cxb4 52. axb4 h4 53. Rc1 g4 54. fxg4 Kg5 55. Rc6 h3
56. d6 cxd6 57. Rxd6 f3+ 58. Kf1 Kf4 59. Rf6+ Ke3 60. e5 Ra7
0-1

[Event "World Blitz Championship"]
[Site "Moscow RUS"]
[Date "2010.11.16"]
[EventDate "2010.11.16"]
[Round "9.5"]
[Result "0-1"]
[White "Alexander Grischuk"]
[Black "Ian Nepomniachtchi"]
[WhiteElo "2771"]
[BlackElo "2720"]
[PlyCount "130"]

1. c4 e5 2. g3 Nf6 3. Bg2 Nc6 4. Nc3 Bb4 5. Nd5 Nxd5 6. cxd5
Ne7 7. e3 O-O 8. Ne2 c6 9. a3 Bd6 10. Nc3 Qa5 11. Ne4 Qc7
12. dxc6 dxc6 13. O-O a5 14. b3 Be6 15. Bb2 Rfd8 16. Qc2 f6
17. f4 exf4 18. gxf4 Nf5 19. Bh3 Qf7 20. Nxf6+ gxf6 21. Bxf5
Bxb3 22. Qc3 Be7 23. Kf2 Rd5 24. Rg1+ Kh8 25. Be4 Rc5 26. Qd3
Bc2 27. Qxc2 Rxc2 28. Bxc2 Rd8 29. Bc3 Qc4 30. Bf5 Qc5 31. Be4
Rg8 32. Rg3 Rxg3 33. hxg3 Qc4 34. Kf3 Kg8 35. Bxa5 f5 36. Bxf5
Qd5+ 37. Be4 Qh5+ 38. g4 Qxa5 39. d3 Bf8 40. g5 h6 41. Rg1 Kf7
42. g6+ Kg7 43. Rb1 Qc7 44. d4 Bxa3 45. d5 Be7 46. dxc6 bxc6
47. Rc1 c5 48. Rb1 c4 49. Rb7 Qc5 50. Ke2 h5 51. Rd7 c3
52. Kd1 h4 53. Kc2 Qb4 54. Bf5 Qb2+ 55. Kd1 Qa3 56. e4 h3
57. Bxh3 Qa4+ 58. Kc1 Qxe4 59. Rc7 Qe3+ 60. Kc2 Qd2+ 61. Kb3
Qb2+ 62. Kc4 c2 63. Kd5 c1=Q 64. Rxe7+ Kxg6 65. Re6+ Kg7 0-1

[Event "World Blitz Championship"]
[Site "Moscow RUS"]
[Date "2010.11.16"]
[EventDate "2010.11.16"]
[Round "12.4"]
[Result "0-1"]
[White "Ian Nepomniachtchi"]
[Black "Boris Gelfand"]
[WhiteElo "2720"]
[BlackElo "2741"]
[PlyCount "70"]

1. e4 e6 2. d4 d5 3. Nc3 dxe4 4. Nxe4 Bd7 5. Bd3 Bc6 6. Nf3
Nd7 7. O-O Ngf6 8. Ng3 Be7 9. Re1 Bxf3 10. Qxf3 c6 11. c3 O-O
12. Bc2 Re8 13. h4 Qa5 14. a4 Rad8 15. b4 Qc7 16. a5 Bd6
17. Bb3 Bxg3 18. fxg3 Nd5 19. Ra2 e5 20. Rae2 Re6 21. Bg5 Rde8
22. c4 Nxb4 23. d5 Rd6 24. Rf2 Nc5 25. Ref1 f6 26. Bd2 Nbd3
27. Ba2 Nxf2 28. Qxf2 Ne4 29. Qe3 Nxd2 30. c5 Nxf1 31. cxd6
Qxd6 32. Qxa7 Qa3 33. dxc6+ Qxa2 34. cxb7 Ne3 35. Qxe3 Qb1+
0-1

[Event "World Blitz Championship"]
[Site "Moscow RUS"]
[Date "2010.11.17"]
[EventDate "2010.11.16"]
[Round "15.9"]
[Result "0-1"]
[White "Boris Grachev"]
[Black "Ian Nepomniachtchi"]
[WhiteElo "2654"]
[BlackElo "2720"]
[PlyCount "132"]

1. d4 Nf6 2. Nf3 g6 3. Bf4 Bg7 4. e3 b6 5. h3 Bb7 6. Be2 O-O
7. O-O d6 8. Bh2 Nbd7 9. a4 a6 10. c3 Qe8 11. c4 e5 12. Nc3
exd4 13. exd4 Ne4 14. a5 Nxc3 15. bxc3 bxa5 16. Re1 Nb8 17. c5
Qd8 18. Qb3 Ra7 19. Qa3 d5 20. Qxa5 Bc8 21. Ne5 Bxe5 22. dxe5
Nc6 23. Qa4 Qe8 24. Bf3 Be6 25. Bf4 Ne7 26. Bh6 Qxa4 27. Rxa4
Rfa8 28. Rea1 Nc6 29. c4 Nxe5 30. Bxd5 c6 31. Bxe6 fxe6
32. Bf4 Nd3 33. Bd6 a5 34. R4a3 Nb2 35. Rc3 a4 36. Ra2 a3
37. Be5 Ra4 38. Rcxa3 Rxa3 39. Rxb2 Ra1+ 40. Kh2 R1a2 41. Rb7
Rxf2 42. Kg3 Rf7 43. Rb6 Rc8 44. h4 h6 45. Bd6 Kh7 46. Kg4 g5
47. hxg5 hxg5 48. Kxg5 Rg8+ 49. Kh4 Rf1 50. g4 Rg1 51. Rb7+
Rg7 52. Rxg7+ Kxg7 53. Kg5 Rf1 54. Be5+ Kf7 55. Bd6 Rc1
56. Kh5 Rxc4 57. g5 Rc1 58. Kg4 Kg6 59. Kf4 Re1 60. Be7 e5+
61. Kg4 Re4+ 62. Kf3 Rf4+ 63. Ke3 Rg4 64. Kf3 Kf5 65. Ke3 Rg3+
66. Kf2 Rxg5 0-1

[Event "World Blitz Championship"]
[Site "Moscow RUS"]
[Date "2010.11.17"]
[EventDate "2010.11.16"]
[Round "17.10"]
[Result "1-0"]
[White "Boris Savchenko"]
[Black "Ian Nepomniachtchi"]
[WhiteElo "2632"]
[BlackElo "2720"]
[PlyCount "47"]

1. e4 c5 2. Nf3 d6 3. d4 cxd4 4. Nxd4 Nf6 5. Nc3 a6 6. Bg5 e6
7. f4 Qb6 8. Qd2 Qxb2 9. Nb3 Qa3 10. Bd3 Nbd7 11. O-O b5
12. Rae1 Bb7 13. e5 Nd5 14. Na5 Qxc3 15. Qxc3 Nxc3 16. Nxb7 h6
17. exd6 Nb6 18. f5 hxg5 19. fxe6 fxe6 20. Bg6+ Kd7 21. Rf7+
Kc6 22. Rc7+ Kd5 23. Rxc3 Rb8 24. Rc5+ 1-0

[Event "World Blitz Championship"]
[Site "Moscow RUS"]
[Date "2010.11.18"]
[EventDate "2010.11.16"]
[Round "32"]
[Result "0-1"]
[White "Ian Nepomniachtchi"]
[Black "Levon Aronian"]
[WhiteElo "2720"]
[BlackElo "2801"]
[PlyCount "82"]

1. e4 e5 2. Nf3 Nc6 3. Bc4 Bc5 4. c3 Nf6 5. d3 d6 6. h3 a6
7. Nbd2 O-O 8. Bb3 Be6 9. Nf1 d5 10. Qe2 Na5 11. Bc2 dxe4
12. dxe4 Bc4 13. Qd2 Nc6 14. Qxd8 Rfxd8 15. Bg5 Be7 16. Ne3
Be6 17. Bxf6 Bxf6 18. Bb3 Bxb3 19. axb3 Be7 20. b4 f6 21. Ke2
Kf7 22. Nd2 Rab8 23. Nd5 Rd7 24. Nc4 Nd8 25. Rhd1 Ne6 26. g3
Rbd8 27. h4 c6 28. Nde3 Rxd1 29. Nxd1 c5 30. bxc5 Nxc5 31. f3
Nb3 32. Rb1 b5 33. Nce3 Rd2+ 34. Ke1 Bc5 35. Ra1 Rd3 36. Rxa6
Bxe3 37. Ke2 Nc1+ 38. Ke1 Bd2+ 39. Kf1 Rxf3+ 40. Kg2 Rd3
41. Rb6 Be1 0-1

[Event "World Blitz Championship"]
[Site "Moscow RUS"]
[Date "2010.11.18"]
[EventDate "2010.11.16"]
[Round "36"]
[Result "0-1"]
[White "Ian Nepomniachtchi"]
[Black "Boris Savchenko"]
[WhiteElo "2720"]
[BlackElo "2632"]
[PlyCount "106"]

1. Nf3 c5 2. b3 Nf6 3. Bb2 e6 4. c4 Be7 5. g4 O-O 6. g5 Ne4
7. h4 d5 8. d3 Qa5+ 9. Nfd2 Nd6 10. e3 d4 11. exd4 cxd4
12. Bxd4 Nf5 13. Bc3 Bb4 14. Qc2 Nc6 15. Qb2 Rd8 16. a3 Bxc3
17. Nxc3 Qb6 18. Na4 Qc7 19. O-O-O b5 20. Nc3 b4 21. axb4 Nxb4
22. Kb1 Rb8 23. h5 Bb7 24. Rh3 Qf4 25. h6 Qxg5 26. hxg7 Qxg7
27. Be2 Kh8 28. f3 a6 29. Rdh1 h6 30. Nde4 Nxd3 31. Bxd3 Rxd3
32. Nc5 Rxf3 33. Rxf3 Bxf3 34. Re1 Nd4 35. N3a4 a5 36. Ka2 e5
37. Re3 f5 38. Nd3 Be4 39. Ne1 Rb4 40. Nc5 a4 41. Nxe4 axb3+
42. Kb1 fxe4 43. Qf2 Rb8 44. Rxe4 Qg6 45. Qe3 Ra8 46. Nd3 Nc2
47. Qe2 Nd4 48. Qe3 Ra1+ 49. Kb2 Ra2+ 50. Kb1 Qa6 51. Nb4 Ra1+
52. Kb2 Qa3+ 53. Kc3 b2+ 0-1

[Event "European Team Championship"]
[Site "Porto Carras/Greece"]
[Date "2011.11.07"]
[EventDate "?"]
[Round "5"]
[Result "1/2-1/2"]
[White "Zahar Efimenko"]
[Black "Ian Nepomniachtchi"]
[WhiteElo "2702"]
[BlackElo "2730"]
[PlyCount "48"]

1. e4 1... c5 2. Nf3 2... d6 3. d4 3... cxd4 4. Nxd4 4... Nf6
5. Nc3 5... a6 6. Be2 6... e5 7. Nb3 7... Be7 8. O-O 8... O-O
9. Be3 9... Be6 10. Qd2 10... Nbd7 11. a4 11... Nb6 12. a5
12... Nc4 13. Bxc4 13... Bxc4 14. Rfd1 14... Rc8 15. Nc1
15... Qc7 16. Bb6 16... Qc6 17. f3 17... Nd7 18. Be3 18... b5
19. axb6 19... Nxb6 20. Nb3 20... Qc7 21. Qf2 21... Rb8
22. Nd2 22... Nc8 23. Nxc4 23... Qxc4 24. Rdb1 24... f5
1/2-1/2

[Event "Russian Chess Championships Higher League"]
[Site "Tyumen RUS"]
[Date "2012.06.18"]
[EventDate "2012.06.16"]
[Round "3"]
[Result "1-0"]
[White "Ian Nepomniachtchi"]
[Black "Dmitry Bocharov"]
[WhiteElo "2716"]
[BlackElo "2600"]
[PlyCount "97"]

1. d4 Nf6 2. c4 e6 3. Nc3 Bb4 4. e3 c5 5. Ne2 cxd4 6. exd4 d5
7. c5 Nc6 8. a3 Bxc3+ 9. Nxc3 O-O 10. Bb5 e5 11. Bxc6 bxc6
12. O-O Re8 13. Bg5 h6 14. Bh4 e4 15. Qa4 g5 16. Bg3 Bd7
17. Bd6 Re6 18. f3 Qe8 19. f4 gxf4 20. Bxf4 Nh5 21. Qd1 Nxf4
22. Rxf4 Rg6 23. b4 Qf8 24. Qd2 Bh3 25. g3 Qg7 26. Qe3 a6
27. Kf2 Bg4 28. Ke1 h5 29. Kd2 h4 30. Raf1 Rf8 31. gxh4 Bf3
32. Kc2 Rg2+ 33. Kb3 f6 34. R1xf3 exf3 35. Qe6+ Qf7 36. Qxc6
f2 37. Qxa6 Qc7 38. Qe6+ Kg7 39. Qf5 f1=Q 40. Rxf1 Qxh2
41. Qxd5 Rf7 42. Qe4 Rg3 43. Rf3 Rxf3 44. Qxf3 f5 45. c6 Qxh4
46. d5 Qd4 47. c7 Rf8 48. Qg3+ Kf7 49. Qd6 1-0